000 00721nam a2200277 i 4500
001 bgj
100 1 _aWHARTON, Edith
_d(1862-1937).
245 1 0 _aThe Age of Innocence /
_cEdith Wharton.
250 _aTV tie-in edition.
260 _aLondon [etc.] :
_bPenguin Books,
_c1993.
300 _a300, [1] ;
_c20 cm.
650 9 _aTriangles (|Interpersonal relations)
650 9 _aSeperated people
650 9 _aMarried people
650 9 _aUpper class
650 9 _aNobility
650 9 _aDomestic fiction
650 9 _aLove stories
655 _aFiction
020 _a0140177906
040 _cBPK
041 0 _aeng
920 _a0-14-017790-6
942 _cKS
008 s uk f |000 0 eng
999 _c47789
_d47789
856 _uhttp://koha.tu.koszalin.pl/cgi-bin/koha/opac-detail.pl?biblionumber=47789
_yKatalog online BPK